[Event "Adelboden Swiss Alpine op"]
[Site "Adelboden"]
[Date "2023.11.25"]
[Round "2"]
[White "Curien, Nicolas"]
[Black "Klein, Frank"]
[Result "1-0"]
[WhiteElo "2177"]
[BlackElo "1839"]
[PlyCount "23"]
[EventDate "2023.11.24"]
[EventType "swiss"]
[EventRounds "5"]
[EventCountry "SUI"]
[SourceTitle "CB50_2023"]
[SourceDate "2023.12.13"]
[SourceVersion "1"]
[SourceVersionDate "2023.12.13"]
[SourceQuality "1"]

1. d4 Nf6 2. Bg5 d5 3. e3 e6 4. Nd2 Be7 5. Bd3 c5 6. c3 0-0 7. Ngf3 Nbd7 8. 0-0 b6 9. Qa4 Bb7 10. Ne5 Nxe5 11. dxe5 Nd7 12. Qh4 1-0